00254nam a2200085Ia 4500008004100000100001800041245005700059260004300116260000900159170620s9999 xx 000 0 und d aSharma- R. A. 0aPedagogic of Education- Knowledge practices & belief bMeerut- International Publishing House c2005